书目信息 |
| 题名: |
趣味思考题
|
|
| 作者: | 别莱利曼 著 ;符其旬 译 | |
| 分册: | ||
| 出版信息: | 北京 科学普及出版社 1984 |
|
| 页数: | 329页 | |
| 开本: | 19cm | |
| 丛书名: | ||
| 单 册: | ||
| 中图分类: | O1-49 | |
| 科图分类: | ||
| 主题词: | 数学--普及读物 | |
| 电子资源: | ||
| ISBN: | ||
| 000 | 00690nam0 2200253 45 | |
| 001 | 0184002515 | |
| 005 | 20040706175741.0 | |
| 010 | @dCNY1.30 | |
| 091 | @a13051.1396 | |
| 100 | @a19950609d1984 em y0chiy0121 ea | |
| 101 | 1 | @achi@crus |
| 102 | @aCN@b110000 | |
| 105 | @ay z 000yy | |
| 106 | @ar | |
| 200 | 10 | @a趣味思考题@Aqu wei si kao ti@f(苏)Я.И.别莱利曼著@g符其旬译 |
| 210 | @a北京@c科学普及出版社@d1984 | |
| 215 | @a329页@d19cm | |
| 606 | @a数学@x普及读物 | |
| 690 | @aO1-49@v3 | |
| 701 | 1 | @a别莱利曼@Abie lai li man@bЯ.И.@4著 |
| 702 | 0 | @a符其旬@Afu qi xun@4译 |
| 801 | 0 | @aCN@b上海图书馆@c20040706 |
| 801 | 2 | @aCN@bNLC@c20040706 |
| 905 | @f1@b136395@dO1-49@e128 | |
| 趣味思考题/(苏)Я.И.别莱利曼著/符其旬译.-北京:科学普及出版社,1984 |
| 329页;19cm |
| ISBN :CNY1.30 |
| ● |
| 相关链接 |
|
|
|
|
正题名:趣味思考题
索取号:O1-49/128
 
预约/预借
| 序号 | 登录号 | 条形码 | 馆藏地/架位号 | 状态 | 备注 |
| 1 | 0136395 | 001953808 | 第三借阅区/ [索取号:O1-49/128] | 在馆 | |
| 2 | 0136396 | 001247699 | 第二样本阅览室/ [索取号:O1-49/128] | 在馆 |